[Event "DEM U16 2024"]
[Site "Willingen GER"]
[Date "2024.05.21"]
[Round "4"]
[White "Möller, Maurin"]
[Black "von Mettenheim, Johannes"]
[Result "0-1"]
[Termination "normal"]
[Board "1"]
[WhiteElo "2193"]
[BlackElo "2293"]
[WhiteClock "00:32:52"]
[BlackClock "00:51:05"]
[PlyCount "38"]
[WhiteFideId "16265696"]
[BlackFideId "16244818"]
[EventCountry "GER"]
[EventRounds "9"]
[EventType "swiss"]
[EventDate "2024.05.18"]

1. e4 {[%clk 01:30:52]} {[%emt 00:00:07]} e5 {[%clk 01:30:58]} {[%emt
00:00:03]} 2. Nf3 {[%clk 01:31:10]} {[%emt 00:00:12]} Nc6 {[%clk 01:31:24]}
{[%emt 00:00:04]} 3. Nc3 {[%clk 01:31:04]} {[%emt 00:00:36]} Nf6 {[%clk
01:31:47]} {[%emt 00:00:06]} 4. d4 {[%clk 01:31:22]} {[%emt 00:00:13]} exd4
{[%clk 01:27:55]} {[%emt 00:04:22]} 5. Nxd4 {[%clk 01:31:45]} {[%emt 00:00:07]}
Bb4 {[%clk 01:28:21]} {[%emt 00:00:04]} 6. Nxc6 {[%clk 01:32:05]} {[%emt
00:00:10]} bxc6 {[%clk 01:28:48]} {[%emt 00:00:04]} 7. Bd3 {[%clk 01:32:20]}
{[%emt 00:00:13]} d5 {[%clk 01:29:15]} {[%emt 00:00:03]} 8. exd5 {[%clk
01:31:10]} {[%emt 00:01:40]} O-O {[%clk 01:29:41]} {[%emt 00:00:05]} 9. O-O
{[%clk 01:31:32]} {[%emt 00:00:08]} cxd5 {[%clk 01:29:43]} {[%emt 00:00:27]}
10. h3 {[%clk 01:30:34]} {[%emt 00:01:28]} c6 {[%clk 01:30:09]} {[%emt
00:00:04]} 11. Qf3 {[%clk 01:30:20]} {[%emt 00:00:45]} Re8 {[%clk 01:30:35]}
{[%emt 00:00:04]} 12. Bf4 {[%clk 01:29:51]} {[%emt 00:00:58]} Be6 {[%clk
01:30:57]} {[%emt 00:00:08]} 13. Ne2 {[%clk 01:21:34]} {[%emt 00:08:48]} Bd6
{[%clk 01:31:09]} {[%emt 00:00:18]} 14. Rfd1 {[%clk 01:15:02]} {[%emt
00:07:02]} Qc7 {[%clk 01:25:38]} {[%emt 00:06:01]} 15. b3 {[%clk 01:11:06]}
{[%emt 00:04:26]} Rad8 {[%clk 01:14:51]} {[%emt 00:11:16]} 16. Rac1 {[%clk
01:00:47]} {[%emt 00:10:49]} Nd7 {[%clk 01:07:00]} {[%emt 00:08:21]} 17. Qg3
{[%clk 00:45:26]} {[%emt 00:15:51]} Ne5 {[%clk 01:03:19]} {[%emt 00:04:11]} 18.
c4 {[%clk 00:33:45]} {[%emt 00:12:11]} Nxd3 {[%clk 00:51:41]} {[%emt 00:12:08]}
19. Bxd6 {[%clk 00:32:52]} {[%emt 00:01:24]} Nxc1 {[%clk 00:51:05]} {[%emt
00:01:05]} 0-1

[Event "DEM U16 2024"]
[Site "Willingen GER"]
[Date "2024.05.21"]
[Round "4"]
[White "Sauer, Tim"]
[Black "Semling, Julius"]
[Result "1/2-1/2"]
[Termination "normal"]
[Board "2"]
[WhiteElo "2053"]
[BlackElo "2204"]
[WhiteClock "00:19:23"]
[BlackClock "00:15:25"]
[PlyCount "90"]
[WhiteFideId "16265726"]
[BlackFideId "16290160"]
[EventCountry "GER"]
[EventRounds "9"]
[EventType "swiss"]
[EventDate "2024.05.18"]

1. d4 {[%clk 01:30:57]} {[%emt 00:00:03]} Nf6 {[%clk 01:30:22]} {[%emt
00:00:38]} 2. Nf3 {[%clk 01:31:19]} {[%emt 00:00:09]} d5 {[%clk 01:30:40]}
{[%emt 00:00:12]} 3. e3 {[%clk 01:31:32]} {[%emt 00:00:17]} e6 {[%clk
01:28:44]} {[%emt 00:02:26]} 4. Bd3 {[%clk 01:30:52]} {[%emt 00:01:10]} Be7
{[%clk 01:27:42]} {[%emt 00:01:32]} 5. O-O {[%clk 01:29:58]} {[%emt 00:01:24]}
O-O {[%clk 01:27:04]} {[%emt 00:01:07]} 6. b3 {[%clk 01:29:34]} {[%emt
00:00:54]} b6 {[%clk 01:25:59]} {[%emt 00:01:36]} 7. Bb2 {[%clk 01:29:14]}
{[%emt 00:00:49]} Bb7 {[%clk 01:25:45]} {[%emt 00:00:45]} 8. Nbd2 {[%clk
01:28:09]} {[%emt 00:01:34]} c5 {[%clk 01:21:16]} {[%emt 00:04:59]} 9. Rc1
{[%clk 01:23:10]} {[%emt 00:05:30]} Nc6 {[%clk 01:16:34]} {[%emt 00:05:12]} 10.
c4 {[%clk 01:23:28]} {[%emt 00:00:12]} Rc8 {[%clk 01:16:04]} {[%emt 00:00:59]}
11. Qe2 {[%clk 01:23:07]} {[%emt 00:00:51]} Re8 {[%clk 01:13:55]} {[%emt
00:02:39]} 12. Rfd1 {[%clk 01:22:41]} {[%emt 00:00:56]} Bf8 {[%clk 01:09:53]}
{[%emt 00:04:32]} 13. Ne5 {[%clk 01:04:11]} {[%emt 00:19:00]} dxc4 {[%clk
01:04:53]} {[%emt 00:05:31]} 14. Ndxc4 {[%clk 00:51:20]} {[%emt 00:13:21]} cxd4
{[%clk 00:57:34]} {[%emt 00:07:47]} 15. Nxc6 {[%clk 00:47:31]} {[%emt
00:04:20]} Bxc6 {[%clk 00:53:27]} {[%emt 00:04:38]} 16. Bxd4 {[%clk 00:37:35]}
{[%emt 00:10:26]} Qd5 {[%clk 00:47:54]} {[%emt 00:06:02]} 17. f3 {[%clk
00:35:04]} {[%emt 00:03:01]} Qg5 {[%clk 00:43:42]} {[%emt 00:04:41]} 18. Ne5
{[%clk 00:32:37]} {[%emt 00:02:58]} Bd5 {[%clk 00:39:52]} {[%emt 00:04:20]} 19.
Bb5 {[%clk 00:27:20]} {[%emt 00:05:47]} Red8 {[%clk 00:34:03]} {[%emt
00:06:19]} 20. Rxc8 {[%clk 00:24:41]} {[%emt 00:03:10]} Rxc8 {[%clk 00:34:24]}
{[%emt 00:00:09]} 21. Ba6 {[%clk 00:23:58]} {[%emt 00:01:13]} Rc7 {[%clk
00:32:41]} {[%emt 00:02:12]} 22. Nd3 {[%clk 00:21:08]} {[%emt 00:03:20]} Bb7
{[%clk 00:25:53]} {[%emt 00:07:17]} 23. Bxb7 {[%clk 00:10:56]} {[%emt
00:10:43]} Rxb7 {[%clk 00:25:04]} {[%emt 00:01:19]} 24. Ne5 {[%clk 00:10:35]}
{[%emt 00:00:50]} Rc7 {[%clk 00:23:29]} {[%emt 00:02:05]} 25. Qd2 {[%clk
00:09:42]} {[%emt 00:01:23]} Nd5 {[%clk 00:15:01]} {[%emt 00:08:58]} 26. Rc1
{[%clk 00:03:32]} {[%emt 00:06:41]} Qd8 {[%clk 00:05:09]} {[%emt 00:10:21]} 27.
Nd3 {[%clk 00:01:52]} {[%emt 00:02:11]} Ne7 {[%clk 00:03:01]} {[%emt 00:02:38]}
28. Rxc7 {[%clk 00:01:33]} {[%emt 00:00:49]} Qxc7 {[%clk 00:03:30]} 29. Qc3
{[%clk 00:00:50]} {[%emt 00:01:13]} Qb7 {[%clk 00:01:57]} {[%emt 00:02:03]} 30.
e4 {[%clk 00:00:37]} {[%emt 00:00:43]} Nc6 {[%clk 00:01:50]} {[%emt 00:00:37]}
31. Be3 {[%clk 00:00:51]} {[%emt 00:00:16]} Be7 {[%clk 00:01:41]} {[%emt
00:00:39]} 32. Kf2 {[%clk 00:00:35]} {[%emt 00:00:45]} Bf6 {[%clk 00:01:31]}
{[%emt 00:00:40]} 33. Qc4 {[%clk 00:01:00]} {[%emt 00:00:05]} h6 {[%clk
00:01:24]} {[%emt 00:00:38]} 34. g3 {[%clk 00:00:47]} {[%emt 00:00:43]} Na5
{[%clk 00:01:20]} {[%emt 00:00:33]} 35. Qc2 {[%clk 00:00:47]} {[%emt 00:00:31]}
Qd7 {[%clk 00:01:20]} {[%emt 00:00:29]} 36. a4 {[%clk 00:00:34]} {[%emt
00:00:45]} Nc6 {[%clk 00:00:57]} {[%emt 00:00:52]} 37. Qc4 {[%clk 00:00:47]}
{[%emt 00:00:17]} Na5 {[%clk 00:00:58]} {[%emt 00:00:29]} 38. Qc2 {[%clk
00:01:06]} {[%emt 00:00:10]} Nc6 {[%clk 00:00:54]} {[%emt 00:00:35]} 39. Qc4
{[%clk 00:01:10]} {[%emt 00:00:25]} Ne5 {[%clk 00:00:42]} {[%emt 00:00:43]} 40.
Nxe5 {[%clk 00:00:54]} {[%emt 00:00:46]} Bxe5 {[%clk 00:01:11]} 41. Ke2 {[%clk
00:28:25]} {[%emt 00:02:59]} Bf6 {[%clk 00:23:06]} {[%emt 00:08:34]} 42. Qd3
{[%clk 00:21:57]} {[%emt 00:06:58]} Qc6 {[%clk 00:18:03]} {[%emt 00:05:32]} 43.
Qc4 {[%clk 00:19:15]} {[%emt 00:03:14]} Qd7 {[%clk 00:17:55]} {[%emt 00:00:36]}
44. Qd3 {[%clk 00:19:24]} {[%emt 00:00:22]} Qc6 {[%clk 00:16:33]} {[%emt
00:01:52]} 45. Qc4 {[%clk 00:19:23]} {[%emt 00:00:31]} Qd7 {[%clk 00:15:25]}
{[%emt 00:01:38]} 1/2-1/2

[Event "DEM U16 2024"]
[Site "Willingen GER"]
[Date "2024.05.21"]
[Round "4"]
[White "Klaska, Philipp Leon"]
[Black "Lutze, Max"]
[Result "1-0"]
[Termination "normal"]
[Board "3"]
[WhiteElo "2142"]
[BlackElo "2054"]
[WhiteClock "00:03:53"]
[BlackClock "00:02:56"]
[PlyCount "119"]
[WhiteFideId "16238044"]
[BlackFideId "34614850"]
[EventCountry "GER"]
[EventRounds "9"]
[EventType "swiss"]
[EventDate "2024.05.18"]

1. e4 {[%clk 01:30:49]} {[%emt 00:00:09]} c5 {[%clk 01:30:55]} {[%emt
00:00:07]} 2. Nf3 {[%clk 01:31:03]} {[%emt 00:00:16]} g6 {[%clk 01:31:20]}
{[%emt 00:00:06]} 3. d4 {[%clk 01:31:20]} {[%emt 00:00:12]} cxd4 {[%clk
01:31:40]} {[%emt 00:00:10]} 4. Nxd4 {[%clk 01:31:43]} {[%emt 00:00:07]} Nc6
{[%clk 01:32:01]} {[%emt 00:00:09]} 5. c4 {[%clk 01:30:52]} {[%emt 00:01:21]}
Bg7 {[%clk 01:31:31]} {[%emt 00:00:59]} 6. Be3 {[%clk 01:31:12]} {[%emt
00:00:11]} Nf6 {[%clk 01:31:54]} {[%emt 00:00:07]} 7. Nc3 {[%clk 01:31:26]}
{[%emt 00:00:16]} d6 {[%clk 01:32:15]} {[%emt 00:00:09]} 8. Be2 {[%clk
01:31:17]} {[%emt 00:00:39]} O-O {[%clk 01:32:35]} {[%emt 00:00:09]} 9. O-O
{[%clk 01:31:24]} {[%emt 00:00:23]} Nxd4 {[%clk 01:32:58]} {[%emt 00:00:08]}
10. Bxd4 {[%clk 01:31:48]} {[%emt 00:00:06]} Bd7 {[%clk 01:33:21]} {[%emt
00:00:06]} 11. Qd2 {[%clk 01:27:57]} {[%emt 00:04:21]} Bc6 {[%clk 01:33:41]}
{[%emt 00:00:10]} 12. f3 {[%clk 01:28:07]} {[%emt 00:00:20]} Nd7 {[%clk
01:32:25]} {[%emt 00:01:46]} 13. Bf2 {[%clk 01:24:04]} {[%emt 00:04:33]} a5
{[%clk 01:30:09]} {[%emt 00:02:47]} 14. b3 {[%clk 01:23:34]} {[%emt 00:00:59]}
Nc5 {[%clk 01:28:46]} {[%emt 00:01:53]} 15. Rab1 {[%clk 01:23:36]} {[%emt
00:00:29]} e6 {[%clk 01:12:21]} {[%emt 00:16:55]} 16. Rbd1 {[%clk 01:12:39]}
{[%emt 00:11:27]} Rc8 {[%clk 01:04:19]} {[%emt 00:08:31]} 17. Nb5 {[%clk
00:51:06]} {[%emt 00:22:05]} Bxb5 {[%clk 01:03:14]} {[%emt 00:01:35]} 18. cxb5
{[%clk 00:51:34]} {[%emt 00:00:01]} Be5 {[%clk 00:54:21]} {[%emt 00:09:23]} 19.
g3 {[%clk 00:49:00]} {[%emt 00:03:04]} b6 {[%clk 00:44:24]} {[%emt 00:10:27]}
20. Qe3 {[%clk 00:47:13]} {[%emt 00:02:16]} Qc7 {[%clk 00:40:18]} {[%emt
00:04:36]} 21. Rd2 {[%clk 00:30:50]} {[%emt 00:16:53]} f5 {[%clk 00:31:42]}
{[%emt 00:09:06]} 22. f4 {[%clk 00:28:33]} {[%emt 00:02:47]} Bf6 {[%clk
00:30:34]} {[%emt 00:01:38]} 23. Bf3 {[%clk 00:28:23]} {[%emt 00:00:40]} Kh8
{[%clk 00:21:20]} {[%emt 00:09:45]} 24. Rfd1 {[%clk 00:26:40]} {[%emt
00:02:13]} Rfd8 {[%clk 00:19:57]} {[%emt 00:01:52]} 25. Qe2 {[%clk 00:25:42]}
{[%emt 00:01:28]} e5 {[%clk 00:15:18]} {[%emt 00:05:10]} 26. fxe5 {[%clk
00:17:29]} {[%emt 00:08:42]} dxe5 {[%clk 00:15:28]} {[%emt 00:00:20]} 27. Qc4
{[%clk 00:15:33]} {[%emt 00:02:26]} Rxd2 {[%clk 00:09:47]} {[%emt 00:06:12]}
28. Rxd2 {[%clk 00:15:55]} {[%emt 00:00:09]} Be7 {[%clk 00:04:56]} {[%emt
00:05:20]} 29. Rd5 {[%clk 00:09:03]} {[%emt 00:07:21]} Qb7 {[%clk 00:03:37]}
{[%emt 00:01:50]} 30. Rxe5 {[%clk 00:07:03]} {[%emt 00:02:31]} Bf6 {[%clk
00:03:58]} {[%emt 00:00:09]} 31. Bd4 {[%clk 00:06:14]} {[%emt 00:01:18]} Nd7
{[%clk 00:02:15]} {[%emt 00:02:13]} 32. Qf7 {[%clk 00:05:41]} {[%emt 00:01:02]}
Rf8 {[%clk 00:02:08]} {[%emt 00:00:38]} 33. Qd5 {[%clk 00:04:02]} {[%emt
00:02:08]} Nxe5 {[%clk 00:00:44]} {[%emt 00:01:55]} 34. Qxb7 {[%emt 00:00:40]}
Nxf3+ {[%clk 00:01:05]} {[%emt 00:00:07]} 35. Kg2 {[%clk 00:04:10]} {[%emt
00:00:14]} Nxd4 {[%clk 00:01:04]} {[%emt 00:00:31]} 36. exf5 {[%clk 00:03:38]}
{[%emt 00:01:02]} Nxf5 {[%clk 00:01:01]} {[%emt 00:00:33]} 37. Qxb6 {[%clk
00:03:49]} {[%emt 00:00:19]} Bd4 {[%clk 00:00:32]} {[%emt 00:00:59]} 38. Qxa5
{[%clk 00:03:36]} {[%emt 00:00:43]} Ne3+ {[%clk 00:00:39]} {[%emt 00:00:23]}
39. Kh3 {[%clk 00:04:04]} {[%emt 00:00:01]} Nf5 {[%clk 00:00:32]} {[%emt
00:00:38]} 40. b6 {[%clk 00:03:37]} {[%emt 00:00:56]} h5 {[%clk 00:00:35]}
{[%emt 00:00:28]} 41. b7 {[%clk 00:29:46]} {[%emt 00:04:21]} Rb8 {[%clk
00:26:33]} {[%emt 00:04:31]} 42. Qc7 {[%clk 00:25:51]} {[%emt 00:04:25]} Ba7
{[%clk 00:26:26]} {[%emt 00:00:37]} 43. Qf7 {[%clk 00:19:29]} {[%emt 00:06:48]}
Rg8 {[%clk 00:25:54]} {[%emt 00:01:06]} 44. Kg2 {[%clk 00:16:20]} {[%emt
00:03:38]} Bb8 {[%clk 00:25:17]} {[%emt 00:01:08]} 45. a4 {[%clk 00:14:51]}
{[%emt 00:01:59]} Nd6 {[%clk 00:24:42]} {[%emt 00:01:04]} 46. Qf6+ {[%clk
00:12:32]} {[%emt 00:02:48]} Kh7 {[%clk 00:22:52]} {[%emt 00:02:22]} 47. a5
{[%clk 00:11:50]} {[%emt 00:01:12]} Nb5 {[%clk 00:08:50]} {[%emt 00:14:32]} 48.
Qf7+ {[%clk 00:08:59]} {[%emt 00:03:18]} Rg7 {[%clk 00:08:57]} {[%emt
00:00:26]} 49. Qd5 {[%clk 00:08:28]} {[%emt 00:00:54]} Nd6 {[%clk 00:08:20]}
{[%emt 00:01:14]} 50. a6 {[%clk 00:08:32]} {[%emt 00:00:27]} Nf5 {[%clk
00:08:48]} 51. Qc5 {[%clk 00:07:56]} {[%emt 00:01:03]} Nd6 {[%clk 00:04:20]}
{[%emt 00:05:01]} 52. a7 {[%clk 00:07:17]} {[%emt 00:01:09]} Bxa7 {[%clk
00:03:56]} {[%emt 00:00:55]} 53. Qxa7 {[%clk 00:07:32]} {[%emt 00:00:15]} Nxb7
{[%clk 00:04:14]} {[%emt 00:00:12]} 54. b4 {[%clk 00:07:23]} {[%emt 00:00:39]}
Nd6 {[%clk 00:04:37]} {[%emt 00:00:06]} 55. Qc5 {[%clk 00:07:29]} {[%emt
00:00:22]} Nf5 {[%clk 00:04:16]} {[%emt 00:00:53]} 56. b5 {[%clk 00:07:32]}
{[%emt 00:00:27]} Rd7 {[%clk 00:03:32]} {[%emt 00:01:14]} 57. b6 {[%clk
00:06:39]} {[%emt 00:01:24]} Rd2+ {[%clk 00:03:31]} {[%emt 00:00:31]} 58. Kf3
{[%clk 00:04:16]} {[%emt 00:02:49]} Nd6 {[%clk 00:02:39]} {[%emt 00:01:25]} 59.
Qc7+ {[%clk 00:04:14]} {[%emt 00:00:31]} Kg8 {[%clk 00:02:56]} {[%emt
00:00:13]} 60. Qd8+ {[%clk 00:03:53]} {[%emt 00:00:52]} 1-0

[Event "DEM U16 2024"]
[Site "Willingen GER"]
[Date "2024.05.21"]
[Round "4"]
[White "Jahnz, Laurin"]
[Black "Hoppstädter, Daniel"]
[Result "1-0"]
[Termination "normal"]
[Board "4"]
[WhiteElo "2202"]
[BlackElo "2155"]
[WhiteClock "00:12:18"]
[BlackClock "00:09:35"]
[PlyCount "137"]
[WhiteFideId "16261089"]
[BlackFideId "16243625"]
[EventCountry "GER"]
[EventRounds "9"]
[EventType "swiss"]
[EventDate "2024.05.18"]

1. e4 {[%clk 01:30:58]} {[%emt 00:00:01]} c6 {[%clk 01:30:53]} {[%emt
00:00:08]} 2. Nc3 {[%clk 01:31:24]} {[%emt 00:00:03]} d5 {[%clk 01:31:18]}
{[%emt 00:00:05]} 3. Nf3 {[%clk 01:31:51]} {[%emt 00:00:03]} dxe4 {[%clk
01:31:41]} {[%emt 00:00:07]} 4. Nxe4 {[%clk 01:32:18]} {[%emt 00:00:03]} Nf6
{[%clk 01:32:03]} {[%emt 00:00:08]} 5. Qe2 {[%clk 01:32:46]} {[%emt 00:00:03]}
Nxe4 {[%clk 01:32:25]} {[%emt 00:00:07]} 6. Qxe4 {[%clk 01:33:11]} {[%emt
00:00:05]} Nd7 {[%clk 01:32:50]} {[%emt 00:00:06]} 7. d4 {[%clk 01:33:30]}
{[%emt 00:00:11]} Nf6 {[%clk 01:33:13]} {[%emt 00:00:06]} 8. Qd3 {[%clk
01:33:56]} {[%emt 00:00:04]} g6 {[%clk 01:33:36]} {[%emt 00:00:07]} 9. Be2
{[%clk 01:34:17]} {[%emt 00:00:09]} Bg7 {[%clk 01:34:00]} {[%emt 00:00:06]} 10.
O-O {[%clk 01:34:40]} {[%emt 00:00:08]} O-O {[%clk 01:34:24]} {[%emt 00:00:05]}
11. h3 {[%clk 01:33:47]} {[%emt 00:01:23]} Bf5 {[%clk 01:32:55]} {[%emt
00:01:58]} 12. Qb3 {[%clk 01:34:11]} {[%emt 00:00:07]} Qb6 {[%clk 01:33:15]}
{[%emt 00:00:10]} 13. c3 {[%clk 01:34:03]} {[%emt 00:00:38]} h6 {[%clk
01:26:14]} {[%emt 00:07:31]} 14. Bf4 {[%clk 01:31:59]} {[%emt 00:02:34]} g5
{[%clk 01:24:57]} {[%emt 00:01:47]} 15. Bh2 {[%clk 01:29:48]} {[%emt 00:02:41]}
Rac8 {[%clk 01:16:59]} {[%emt 00:08:27]} 16. Ne5 {[%clk 01:16:35]} {[%emt
00:13:44]} Nd5 {[%clk 00:59:40]} {[%emt 00:17:49]} 17. Nc4 {[%clk 01:06:56]}
{[%emt 00:10:09]} Qxb3 {[%clk 00:52:35]} {[%emt 00:07:35]} 18. axb3 {[%clk
01:07:22]} {[%emt 00:00:04]} a6 {[%clk 00:36:09]} {[%emt 00:16:56]} 19. Na5
{[%clk 00:58:51]} {[%emt 00:09:02]} b6 {[%clk 00:34:16]} {[%emt 00:02:23]} 20.
Nc4 {[%clk 00:59:15]} {[%emt 00:00:06]} b5 {[%clk 00:29:53]} {[%emt 00:04:52]}
21. Ne3 {[%clk 00:56:38]} {[%emt 00:03:07]} Be6 {[%clk 00:29:54]} {[%emt
00:00:29]} 22. Nxd5 {[%clk 00:46:12]} {[%emt 00:10:55]} cxd5 {[%clk 00:26:45]}
{[%emt 00:03:39]} 23. b4 {[%clk 00:45:15]} {[%emt 00:01:28]} Rc6 {[%clk
00:27:04]} {[%emt 00:00:11]} 24. f4 {[%clk 00:39:25]} {[%emt 00:06:20]} Bc8
{[%clk 00:21:09]} {[%emt 00:06:25]} 25. Bf3 {[%clk 00:38:25]} {[%emt 00:01:30]}
Rd8 {[%clk 00:19:11]} {[%emt 00:02:28]} 26. Bh5 {[%clk 00:28:08]} {[%emt
00:10:47]} f6 {[%clk 00:09:29]} {[%emt 00:10:12]} 27. Rae1 {[%clk 00:25:24]}
{[%emt 00:03:14]} Rd7 {[%clk 00:08:08]} {[%emt 00:01:51]} 28. Be8 {[%clk
00:20:28]} {[%emt 00:05:26]} Bf8 {[%clk 00:07:20]} {[%emt 00:01:18]} 29. f5
{[%clk 00:16:48]} {[%emt 00:04:09]} Rb6 {[%clk 00:06:48]} {[%emt 00:01:02]} 30.
Bxd7 {[%clk 00:17:03]} {[%emt 00:00:16]} Bxd7 {[%clk 00:07:17]} {[%emt
00:00:02]} 31. g4 {[%clk 00:16:36]} {[%emt 00:00:57]} Kf7 {[%clk 00:06:35]}
{[%emt 00:01:11]} 32. Rf2 {[%clk 00:15:21]} {[%emt 00:01:45]} Rc6 {[%clk
00:05:34]} {[%emt 00:01:31]} 33. Bb8 {[%clk 00:12:35]} {[%emt 00:03:16]} Bc8
{[%clk 00:05:13]} {[%emt 00:00:51]} 34. Ba7 {[%clk 00:12:08]} {[%emt 00:00:58]}
Rc7 {[%clk 00:04:55]} {[%emt 00:00:47]} 35. Bc5 {[%clk 00:12:31]} {[%emt
00:00:06]} Rb7 {[%clk 00:05:00]} {[%emt 00:00:25]} 36. Kf1 {[%clk 00:11:43]}
{[%emt 00:01:19]} Rc7 {[%clk 00:01:44]} {[%emt 00:03:46]} 37. Ke2 {[%clk
00:11:56]} {[%emt 00:00:17]} Rb7 {[%clk 00:01:56]} {[%emt 00:00:18]} 38. Kd3
{[%clk 00:12:20]} {[%emt 00:00:05]} Rc7 {[%clk 00:01:33]} {[%emt 00:00:54]} 39.
b3 {[%clk 00:12:17]} {[%emt 00:00:33]} Rb7 {[%clk 00:00:34]} {[%emt 00:01:28]}
40. Rfe2 {[%clk 00:11:53]} {[%emt 00:00:54]} Rc7 {[%clk 00:00:31]} {[%emt
00:00:33]} 41. c4 {[%clk 00:07:29]} {[%emt 00:04:56]} dxc4+ {[%clk 00:28:17]}
{[%emt 00:02:42]} 42. bxc4 {[%clk 00:37:43]} {[%emt 00:00:17]} bxc4+ {[%clk
00:28:41]} {[%emt 00:00:06]} 43. Kxc4 {[%clk 00:38:07]} {[%emt 00:00:06]} Bd7
{[%clk 00:29:04]} {[%emt 00:00:07]} 44. Rd2 {[%clk 00:35:36]} {[%emt 00:03:01]}
Bb5+ {[%clk 00:28:55]} {[%emt 00:00:38]} 45. Kb3 {[%clk 00:35:55]} {[%emt
00:00:12]} Rd7 {[%clk 00:27:58]} {[%emt 00:01:28]} 46. d5 {[%clk 00:35:43]}
{[%emt 00:00:41]} Rd8 {[%clk 00:27:57]} {[%emt 00:00:31]} 47. Re6 {[%clk
00:34:29]} {[%emt 00:01:43]} Bf1 {[%clk 00:27:28]} {[%emt 00:00:59]} 48. Re3
{[%clk 00:32:18]} {[%emt 00:02:42]} Bb5 {[%clk 00:27:29]} {[%emt 00:00:29]} 49.
Kc3 {[%clk 00:30:17]} {[%emt 00:02:31]} Rd7 {[%clk 00:26:49]} {[%emt 00:01:10]}
50. Rd4 {[%clk 00:28:05]} {[%emt 00:02:42]} Kg7 {[%clk 00:25:55]} {[%emt
00:01:23]} 51. Kd2 {[%clk 00:27:53]} {[%emt 00:00:42]} h5 {[%clk 00:20:22]}
{[%emt 00:06:03]} 52. Ke1 {[%clk 00:25:59]} {[%emt 00:02:24]} h4 {[%clk
00:17:52]} {[%emt 00:03:00]} 53. Re6 {[%clk 00:25:46]} {[%emt 00:00:45]} Rc7
{[%clk 00:16:40]} {[%emt 00:01:41]} 54. d6 {[%clk 00:18:36]} {[%emt 00:07:39]}
exd6 {[%clk 00:16:57]} {[%emt 00:00:13]} 55. Bxd6 {[%clk 00:19:03]} {[%emt
00:00:04]} Bxd6 {[%clk 00:15:18]} {[%emt 00:02:09]} 56. Rdxd6 {[%clk 00:19:22]}
{[%emt 00:00:12]} Rc1+ {[%clk 00:09:59]} {[%emt 00:05:48]} 57. Kd2 {[%clk
00:16:59]} {[%emt 00:02:52]} Rh1 {[%clk 00:10:20]} {[%emt 00:00:09]} 58. Re7+
{[%clk 00:16:26]} {[%emt 00:01:03]} Kf8 {[%clk 00:10:42]} {[%emt 00:00:08]} 59.
Rh7 {[%clk 00:15:19]} {[%emt 00:01:38]} Rh2+ {[%clk 00:10:50]} {[%emt
00:00:21]} 60. Ke1 {[%clk 00:15:30]} {[%emt 00:00:19]} Re2+ {[%clk 00:09:24]}
{[%emt 00:01:56]} 61. Kd1 {[%clk 00:15:55]} {[%emt 00:00:06]} Re4 {[%clk
00:09:21]} {[%emt 00:00:32]} 62. Rxf6+ {[%clk 00:12:33]} {[%emt 00:03:52]} Kg8
{[%clk 00:09:49]} {[%emt 00:00:01]} 63. Rc7 {[%clk 00:12:46]} {[%emt 00:00:18]}
Rd4+ {[%clk 00:08:32]} {[%emt 00:01:48]} 64. Kc2 {[%clk 00:12:38]} {[%emt
00:00:38]} Rxb4 {[%clk 00:08:54]} {[%emt 00:00:09]} 65. Rd6 {[%clk 00:11:24]}
{[%emt 00:01:43]} Rc4+ {[%clk 00:09:18]} {[%emt 00:00:06]} 66. Rxc4 {[%clk
00:11:50]} {[%emt 00:00:04]} Bxc4 {[%clk 00:09:41]} {[%emt 00:00:08]} 67. Rg6+
{[%clk 00:12:17]} {[%emt 00:00:02]} Kh7 {[%clk 00:09:07]} {[%emt 00:01:04]} 68.
Rxg5 {[%clk 00:11:56]} {[%emt 00:00:52]} Bf7 {[%clk 00:09:35]} 69. f6 {[%clk
00:12:18]} {[%emt 00:00:08]} 1-0